| 000 | 00729nam a22001697a 4500 | ||
|---|---|---|---|
| 999 |
_c61876 _d61876 |
||
| 003 | Ge_BSU | ||
| 005 | 20240531162140.0 | ||
| 008 | 240531s2003 ge ||||| |||| 00| 0 geo d | ||
| 041 | _ageo | ||
| 080 | _a616.89-008.441.13 ვ-73 | ||
| 100 |
_aვოიდილო, ევა _922271 |
||
| 245 |
_aმე ავირჩიე თავისუფლება / _cევა, ვოიდილო; [თარგმნა ელისო ამირეჯიბმა]. |
||
| 264 |
_aთბ. : _bქალთა კლუბი "პეონი", _c2003. |
||
| 300 |
_a122 გვ. ; _b18 სმ. |
||
| 700 |
_aამირეჯიბი, ელისო _eმთარგმნელი _922272 |
||
| 942 |
_2udc _cᲬᲘᲒᲜᲘ |
||